[Event "Mittelrhein Verbandsliga Nord 1920"]
[Site "Mittelrhein"]
[Date "2019.09.29"]
[Round "1.4"]
[White "Wehmschulte, Philipp"]
[Black "Esser, Michael"]
[Result "0-1"]
[WhiteElo "1639"]
[BlackElo "2032"]
[PlyCount "61"]
[EventDate "2019.09.29"]
[EventType "team-tourn"]
[EventRounds "9"]
[EventCountry "GER"]
[SourceTitle "EXT 2023"]
[Source "ChessBase"]
[SourceDate "2022.10.05"]
[SourceVersion "1"]
[SourceVersionDate "2022.10.05"]
[SourceQuality "1"]
[WhiteTeam "Brauweiler Rochade"]
[BlackTeam "Bayer Leverkusen"]
[WhiteTeamCountry "GER"]
[BlackTeamCountry "GER"]

1. d4 Nf6 2. Bf4 d5 3. Nc3 e6 4. Nb5 Na6 5. e3 c6 6. Nc3 Nc7 7. a3 Bd6 8. Bxd6 Qxd6 9. Nf3 0-0 10. Bd3 b6 11. Ne2 Ba6 12. Bxa6 Nxa6 13. Qd3 Nb8 14. c4 c5 15. Nc3 cxd4 16. Nxd4 dxc4 17. Qxc4 Nbd7 18. Rd1 Rac8 19. Qe2 Qb8 20. 0-0 Ne5 21. Nf3 Nc4 22. Rd4 b5 23. Rc1 a6 24. Rcd1 Nxa3 25. Ne4 Nxe4 26. Rxe4 Nc4 27. Rh4 Ne5 28. Ng5 h6 29. Qh5 Rcd8 30. Rxd8 Qxd8 31. Rd4 0-1

[Event "Muensterland Verbandsklasse 1314"]
[Site "Germany"]
[Date "2014.03.08"]
[Round "7.7"]
[White "Gerighausen, Karl Heinz"]
[Black "Wehmschulte, Philipp"]
[Result "1/2-1/2"]
[WhiteElo "1679"]
[BlackElo "1592"]
[PlyCount "153"]
[EventDate "2013.09.21"]
[EventType "team-tourn"]
[EventRounds "9"]
[EventCountry "GER"]
[SourceTitle "EXT 2015"]
[Source "ChessBase"]
[SourceDate "2014.11.20"]
[SourceVersion "1"]
[SourceVersionDate "2014.11.20"]
[SourceQuality "1"]
[WhiteTeam "Ibbenbueren"]
[BlackTeam "Ahaus Wessum II"]
[WhiteTeamCountry "GER"]
[BlackTeamCountry "GER"]

1. d4 e6 2. Bf4 c5 3. e3 Qb6 4. Nc3 a6 5. Rb1 cxd4 6. exd4 Nc6 7. Nf3 Nf6 8. h3 d5 9. a3 Be7 10. Bd3 Bd7 11. Ne2 0-0 12. 0-0 Qa7 13. Ne5 b5 14. c3 Be8 15. Ng3 Nxe5 16. dxe5 Nd7 17. Qe2 Nc5 18. Bc2 Nd7 19. Rbe1 Rc8 20. Qd3 f5 21. exf6 Bg6 22. Qd2 Rxf6 23. Bg5 Bf7 24. Bxf6 Bxf6 25. Ne2 Qc7 26. Nd4 Bxd4 27. Qxd4 e5 28. Qh4 g6 29. Rc1 Nc5 30. Rfe1 Re8 31. Re3 Qb6 32. Rce1 Nd7 33. Qg3 Qb8 34. Qg4 Qc7 35. Bb3 Nf6 36. Qe2 Nd7 37. Qd2 Nb6 38. R3e2 Kf8 39. Qh6+ Kg8 40. Qg5 Nd7 41. h4 Nc5 42. Bc2 e4 43. f3 Ne6 44. Qe3 Nf4 45. fxe4 Nxe2+ 46. Rxe2 dxe4 47. Bxe4 Qe7 48. g3 Qd6 49. Qd3 Qe5 50. Kh2 Qf6 51. Qf3 Qd6 52. Bc2 Rf8 53. Rf2 Kg7 54. Qf4 Qe6 55. Qd4+ Kg8 56. Qf6 Qd5 57. Bb1 a5 58. Qf4 a4 59. Be4 Qc5 60. Bd3 Qd5 61. Be2 Qc5 62. g4 Qe7 63. Kg3 Qc5 64. h5 g5 65. Qf6 Qe3+ 66. Kh2 h6 67. Bxb5 Qc5 68. Bc6 Qb6 69. Bd5 Qxf6 70. Rxf6 Bxd5 71. Rxh6 Rf2+ 72. Kg3 Rf3+ 73. Kh2 Rf2+ 74. Kg1 Rg2+ 75. Kf1 Rxg4 76. Rd6 Bc4+ 77. Kf2 1/2-1/2